01107nam a2200265 i 450000100060000000300090000600500170001500700030003200800410003502000180007608000430009410000480013724500830018526000480026830000220031649000820033850400340042060000620045463000430051665000440055983000660060385200330066999900170070295201220071991802ES-MaACL20250827233243.0t|050217s2002 sp ||||1| spa d a84-338-3084-8 a821.134.2(82) Borges, Jorque Luis 1.071 aGómez López-Quiñones, Antonio.95801910aBorges y el nazismo, "Sur" (1937-1946) / cAntonio Gómez López-Quiñones. aGranada : bUniversidad de Granada, c2004. a236 p. ; c21 cm.1 aMonografía. Biblioteca de humanidades. Teoría y crítica literarias ;v8 aBibliografía: p. [222]-234.14aBorges, Jorge Luis-xCrítica e interpretación.93046107aSur (Buenos Aires)-xHistoria.9124806 4aNacionalismo-xEn la literatura.91544600aBiblioteca de humanidades (Universidad de Granada)v89231998 aES-MaACLjL-28855 bR.135032 c91802d91802 00104070aATENEOMbATENEOMcDEPO2d2008-01-17eSCl0oL-28855p1095848r2023-02-23 00:00:00w2023-02-23yMONOGRAFIA